Les systemes nationaux d'innovation: unité et diversité.

Od J. Schumpetera, Moweryho, Rosenberga, Rothwella, Zegfelda po Nelsona, Fusfelda, Hacklisha, B. Lundvalla a Hippela. Zrod a obsah národných systémov inovácie. Čo je inovácia? Čo je národný inovačný systém a aké sú jeho technologické zložky? Historický pôvod národných inovačných systémov - americký,...

Descripción completa

Guardado en:
Detalles Bibliográficos
Formato: Capítulo de libro
Lenguaje:francés
Materias:
Etiquetas: Agregar Etiqueta
Sin Etiquetas, Sea el primero en etiquetar este registro!

MARC

LEADER 00000naa a2200000 4500
001 r013523
005 20221205080344.3
041 0 |a fre 
044 |a FR 
245 1 0 |a Les systemes nationaux d'innovation: unité et diversité. 
520 |a Od J. Schumpetera, Moweryho, Rosenberga, Rothwella, Zegfelda po Nelsona, Fusfelda, Hacklisha, B. Lundvalla a Hippela. Zrod a obsah národných systémov inovácie. Čo je inovácia? Čo je národný inovačný systém a aké sú jeho technologické zložky? Historický pôvod národných inovačných systémov - americký, japonský a francúzsky národný systém inovácií. Teoretické základy koncepcie týchto národných systémov. Ich zhodnosť a rozdielnosť. 
610 2 0 |a inovácia 
610 2 0 |a pojmy 
610 2 0 |a teórie ekonomické 
610 2 0 |a USA 
610 2 0 |a Japonsko 
610 2 0 |a Francúzsko